000 00374 a2200157 4500
005 20250627080507.0
020 _a0070170738
082 _a519 DIX
100 _aWILDFRID,D.
245 _aIntroduction Statistical Analysis
250 _a4th Ed.
260 _alondon
_bMc Graw Hill,
_c1983
300 _axv,678p.:ill.
_bindex
_c23cm.
700 _aMASSEY,F.
942 _2ddc
_cBKS
999 _c5540
_d5540